[Event "World-chT Rapid"]
[Site "Dusseldorf"]
[Date "2023.08.27"]
[Round "5.16"]
[White "Helbig, Mark"]
[Black "Haasler, Andreas"]
[Result "1-0"]
[WhiteElo "2307"]
[BlackElo "2222"]
[PlyCount "45"]
[EventDate "2023.08.26"]
[EventType "team-swiss (rapid)"]
[EventRounds "12"]
[EventCountry "GER"]
[SourceTitle "CBM 215 Extra"]
[Source "ChessBase"]
[SourceDate "2023.09.30"]
[SourceVersion "1"]
[SourceVersionDate "2023.09.30"]
[SourceQuality "1"]
[WhiteTeam "Neustadt Weinstrasse"]
[BlackTeam "Magdeburg and Friends"]
[WhiteTeamCountry "GER"]
[BlackTeamCountry "GER"]

1. d4 e6 2. c4 d5 3. Nf3 Nf6 4. g3 Be7 5. Bg2 0-0 6. 0-0 a6 7. cxd5 exd5 8. Nc3 Nbd7 9. Ne5 c6 10. f4 Qb6 11. Kh1 Re8 12. b3 Bb4 13. Bb2 Nxe5 14. Na4 Qa7 15. dxe5 Ng4 16. Bd4 c5 17. Bg1 b5 18. a3 Bxa3 19. Rxa3 bxa4 20. h3 Nh6 21. b4 Nf5 22. Bxc5 Nxg3+ 23. Rxg3 1-0

[Event "BL2-Sued 2223"]
[Site "Germany"]
[Date "2023.02.04"]
[Round "5.8"]
[White "Haasler, Andreas"]
[Black "Raps, Johannes"]
[Result "1/2-1/2"]
[WhiteElo "2225"]
[BlackElo "2109"]
[PlyCount "72"]
[EventDate "2022.10.22"]
[EventType "team-tourn"]
[EventRounds "9"]
[EventCountry "GER"]
[SourceTitle "EXT 2024"]
[Source "ChessBase"]
[SourceDate "2023.10.10"]
[SourceVersion "1"]
[SourceVersionDate "2023.10.10"]
[SourceQuality "1"]
[WhiteTeam "Heidesheim"]
[BlackTeam "Bad Mergentheim"]
[WhiteTeamCountry "GER"]
[BlackTeamCountry "GER"]

1. d4 d5 2. Bf4 Nf6 3. e3 Bf5 4. c4 c6 5. Nc3 e6 6. Qb3 Qc8 7. cxd5 Nxd5 8. Nxd5 exd5 9. Nf3 Be7 10. Bd3 Bxd3 11. Qxd3 Nd7 12. 0-0 Qd8 13. b4 a6 14. Rab1 Nb6 15. Rfc1 0-0 16. Qf5 Qc8 17. Qc2 Nc4 18. Qd3 Qe6 19. h3 b5 20. Ne5 a5 21. a3 axb4 22. axb4 Ra3 23. Rb3 Ra2 24. Qb1 Rfa8 25. Nxc4 dxc4 26. Rb2 Rxb2 27. Qxb2 Ra4 28. Ra1 Rxa1+ 29. Qxa1 Bxb4 30. Qa8+ Bf8 31. e4 c3 32. d5 cxd5 33. exd5 Qf6 34. d6 Qxf4 35. d7 Qc1+ 36. Kh2 Qf4+ 1/2-1/2

[Event "GER-ch Net blitz qual2"]
[Site "Playchess.com INT"]
[Date "2020.03.16"]
[Round "5"]
[White "Haasler, Andreas"]
[Black "Ehmann, Thilo"]
[Result "0-1"]
[WhiteElo "2226"]
[BlackElo "2330"]
[PlyCount "104"]
[EventDate "2020.03.16"]
[EventType "swiss (blitz)"]
[EventRounds "9"]
[EventCountry "GER"]
[SourceTitle "CBM 195 Extra"]
[Source "ChessBase"]
[SourceDate "2020.05.31"]
[SourceVersion "1"]
[SourceVersionDate "2020.05.31"]
[SourceQuality "1"]

1. d4 Nf6 2. Bf4 g6 3. Nc3 d5 4. e3 Bg7 5. h4 h5 6. Be2 0-0 7. Nf3 Bg4 8. Ne5 Bxe2 9. Qxe2 Nfd7 10. Nd3 Nf6 11. Ne5 Nbd7 12. 0-0-0 c6 13. e4 dxe4 14. Nxe4 Nd5 15. Bg3 N7f6 16. Ng5 Qa5 17. Kb1 Rac8 18. a3 b5 19. Rhe1 b4 20. Nc4 Qb5 21. axb4 Qxb4 22. Qd3 c5 23. c3 Qb7 24. Na5 Qb6 25. Nc4 Qa6 26. Ne5 c4 27. Qc2 Qb5 28. Kc1 a5 29. Kd2 Rb8 30. Rb1 Rb7 31. f3 Nh7 32. Ngxf7 Rxf7 33. Qxg6 Rf6 34. Qe4 Nf8 35. Ke2 e6 36. Kf2 a4 37. Kg1 Rc7 38. Ng4 hxg4 39. Bxc7 Nxc7 40. fxg4 Nd5 41. g5 Rf4 42. Qe2 Rxh4 43. Rf1 Qe8 44. Rbe1 Qg6 45. g3 Qxg5 46. Rxf8+ Bxf8 47. Qxe6+ Kg7 48. Kg2 Nf4+ 49. Kf3 Nxe6 50. gxh4 Qf4+ 51. Ke2 Qe4+ 52. Kd2 Qd3+ 0-1

[Event "GER-ch Net blitz qual2"]
[Site "Playchess.com INT"]
[Date "2020.03.16"]
[Round "2"]
[White "Haasler, Andreas"]
[Black "Haubold, Sebastian Marcel"]
[Result "0-1"]
[WhiteElo "2226"]
[BlackElo "1800"]
[PlyCount "100"]
[EventDate "2020.03.16"]
[EventType "swiss (blitz)"]
[EventRounds "9"]
[EventCountry "GER"]
[SourceTitle "CBM 195 Extra"]
[Source "ChessBase"]
[SourceDate "2020.05.31"]
[SourceVersion "1"]
[SourceVersionDate "2020.05.31"]
[SourceQuality "1"]

1. d4 Nf6 2. Bf4 g6 3. Nc3 Bg7 4. e4 d6 5. Qd2 0-0 6. 0-0-0 c6 7. Bh6 b5 8. Bd3 a5 9. Nf3 Nbd7 10. h4 a4 11. h5 e5 12. hxg6 fxg6 13. Bxg7 Kxg7 14. Qh6+ Kg8 15. dxe5 dxe5 16. Ng5 Qe7 17. a3 Ng4 18. Qh4 Nxf2 19. Be2 Nxd1 20. Nxd1 Nf6 21. Ne3 Ra7 22. Qh2 b4 23. Bc4+ Kh8 24. axb4 a3 25. bxa3 Rxa3 26. Bb3 Ra1+ 27. Kb2 Rxh1 28. Qxh1 Qd7 29. c3 Qd2+ 30. Nc2 Qxg5 31. Qh2 Nxe4 32. Qg1 Qd2 33. Qb6 Qxc3+ 34. Ka2 Bd7 35. Qb7 Qd2 36. Qa7 Nc3+ 37. Kb2 Bf5 38. Qc5 Nd1+ 39. Kb1 Bxc2+ 40. Bxc2 Re8 41. Qxc6 Qxb4+ 42. Kc1 Rf8 43. Qe6 Qb2+ 44. Kxd1 Rf1+ 45. Ke2 Rf8 46. Kd2 Rd8+ 47. Ke3 Qd4+ 48. Kf3 Qf4+ 49. Ke2 Rd2+ 50. Ke1 Qf2# 0-1

[Event "GER-ch Net blitz qual2"]
[Site "Playchess.com INT"]
[Date "2020.03.16"]
[Round "4"]
[White "Zackrisson, Peter"]
[Black "Haasler, Andreas"]
[Result "0-1"]
[WhiteElo "1947"]
[BlackElo "2226"]
[PlyCount "84"]
[EventDate "2020.03.16"]
[EventType "swiss (blitz)"]
[EventRounds "9"]
[EventCountry "GER"]
[SourceTitle "CBM 195 Extra"]
[Source "ChessBase"]
[SourceDate "2020.05.31"]
[SourceVersion "1"]
[SourceVersionDate "2020.05.31"]
[SourceQuality "1"]

1. e4 e6 2. Nf3 d5 3. Nc3 Nf6 4. e5 Nfd7 5. d4 c5 6. dxc5 Bxc5 7. Bd3 Nc6 8. Bf4 Nb4 9. 0-0 Nxd3 10. cxd3 0-0 11. d4 Be7 12. Rc1 b6 13. Nb5 Ba6 14. Qa4 Bxb5 15. Qxb5 a6 16. Qb3 b5 17. Rc5 Nxc5 18. dxc5 Bxc5 19. Rc1 Be7 20. Rc6 Qd7 21. Rc3 Rfc8 22. Rd3 Qc6 23. Nd4 Qc4 24. f3 Bc5 25. Be3 Bxd4 26. Bxd4 Qxb3 27. Rxb3 g5 28. Kf2 Rc2+ 29. Kg3 h5 30. Bc3 Kh7 31. Rb4 Rc8 32. h4 gxh4+ 33. Rxh4 Kg6 34. Rf4 Rc4 35. Rf6+ Kg7 36. Rf4 Rxf4 37. Kxf4 Rxg2 38. Ke3 h4 39. f4 h3 40. Kf3 Rg6 41. f5 exf5 42. e6+ Kf8 0-1

[Event "GER-ch Net blitz qual1"]
[Site "Playchess.com INT"]
[Date "2020.03.07"]
[Round "3"]
[White "Haasler, Andreas"]
[Black "Kopylov, Daniel"]
[Result "0-1"]
[WhiteElo "2226"]
[BlackElo "2348"]
[PlyCount "86"]
[EventDate "2020.03.07"]
[EventType "swiss (blitz)"]
[EventRounds "9"]
[EventCountry "GER"]
[SourceTitle "CBM 195 Extra"]
[Source "ChessBase"]
[SourceDate "2020.05.31"]
[SourceVersion "1"]
[SourceVersionDate "2020.05.31"]
[SourceQuality "1"]

1. d4 Nf6 2. Nc3 d5 3. Bf4 c5 4. e3 Nc6 5. Nf3 Bg4 6. Be2 e6 7. 0-0 a6 8. Ne5 Bxe2 9. Nxe2 cxd4 10. exd4 Bd6 11. Nxc6 bxc6 12. Qd3 0-0 13. c3 a5 14. Bg5 Bxh2+ 15. Kxh2 Ng4+ 16. Kg3 Qxg5 17. f4 Qf5 18. Rad1 Rab8 19. b3 a4 20. b4 Nf6 21. Qxf5 exf5 22. Kf3 Rfe8 23. Ng3 g6 24. Rfe1 Ne4 25. Nxe4 Rxe4 26. Rxe4 fxe4+ 27. Kg4 f5+ 28. Kg5 Kg7 29. Rh1 Re8 30. g4 fxg4 31. Kxg4 h5+ 32. Kg3 Kf6 33. Kf2 e3+ 34. Ke2 Kf5 35. Rg1 Re6 36. Kf3 e2 37. Re1 h4 38. c4 dxc4 39. Rxe2 Rxe2 40. Kxe2 h3 41. d5 cxd5 42. b5 h2 43. b6 h1Q 0-1

[Event "GER-ch Net blitz qual1"]
[Site "Playchess.com INT"]
[Date "2020.03.07"]
[Round "6"]
[White "Koch, Yannick"]
[Black "Haasler, Andreas"]
[Result "0-1"]
[WhiteElo "2080"]
[BlackElo "2226"]
[PlyCount "60"]
[EventDate "2020.03.07"]
[EventType "swiss (blitz)"]
[EventRounds "9"]
[EventCountry "GER"]
[SourceTitle "CBM 195 Extra"]
[Source "ChessBase"]
[SourceDate "2020.05.31"]
[SourceVersion "1"]
[SourceVersionDate "2020.05.31"]
[SourceQuality "1"]

1. c4 e6 2. g3 d5 3. Bg2 Nf6 4. Nf3 dxc4 5. Qa4+ Nbd7 6. Qxc4 a6 7. 0-0 b5 8. Qc2 Bb7 9. d4 Rc8 10. Nc3 c5 11. Bg5 cxd4 12. Nxd4 Bxg2 13. Kxg2 b4 14. Rac1 bxc3 15. bxc3 Bc5 16. Qa4 0-0 17. Qxa6 Bxd4 18. cxd4 Rxc1 19. Rxc1 Qa8+ 20. Qxa8 Rxa8 21. Ra1 h6 22. Bf4 Nd5 23. Bd6 f5 24. a4 N7b6 25. a5 Nc4 26. Bc5 Rxa5 27. Rc1 Ra4 28. e3 Kf7 29. Rb1 Ra2 30. Kf3 Nd2+ 0-1

[Event "BL2-Nord 1920"]
[Site "Germany"]
[Date "2020.02.09"]
[Round "8.6"]
[White "Haasler, Andreas"]
[Black "Mueller, Fabian"]
[Result "1/2-1/2"]
[WhiteElo "2234"]
[BlackElo "2338"]
[PlyCount "53"]
[EventDate "2019.10.19"]
[EventType "team-tourn"]
[EventRounds "9"]
[EventCountry "GER"]
[SourceTitle "CBM 194 Extra"]
[Source "ChessBase"]
[SourceDate "2020.03.31"]
[SourceVersion "1"]
[SourceVersionDate "2020.03.31"]
[SourceQuality "1"]
[WhiteTeam "Potsdam Empor"]
[BlackTeam "St Pauli"]
[WhiteTeamCountry "GER"]
[BlackTeamCountry "GER"]

1. d4 Nf6 2. Bf4 b6 3. Nc3 Ba6 4. a4 e6 5. Nf3 Bb4 6. Bd2 0-0 7. g3 Bb7 8. Bg2 c5 9. e3 d5 10. Ne5 Nc6 11. Nd3 cxd4 12. Nxb4 Nxb4 13. exd4 Rc8 14. Rc1 Qe7 15. 0-0 Rc4 16. Nb5 a6 17. Na3 Rcc8 18. Bg5 h6 19. Bxf6 Qxf6 20. c3 Nc6 21. Nc2 Na5 22. Ne3 Nc4 23. Ng4 Qd8 24. Qe2 Qe8 25. Rb1 Rc7 26. f4 Nd6 27. Qe5 1/2-1/2

[Event "BL2-Nord 1920"]
[Site "Germany"]
[Date "2019.12.08"]
[Round "6.6"]
[White "Haasler, Andreas"]
[Black "Von Herman, Ulf"]
[Result "1/2-1/2"]
[WhiteElo "2234"]
[BlackElo "2345"]
[PlyCount "42"]
[EventDate "2019.10.19"]
[EventType "team-tourn"]
[EventRounds "9"]
[EventCountry "GER"]
[SourceTitle "CBM 194 Extra"]
[Source "ChessBase"]
[SourceDate "2020.03.31"]
[SourceVersion "1"]
[SourceVersionDate "2020.03.31"]
[SourceQuality "1"]
[WhiteTeam "Potsdam Empor"]
[BlackTeam "Koenig Tegel"]
[WhiteTeamCountry "GER"]
[BlackTeamCountry "GER"]

1. d4 Nf6 2. Bf4 d5 3. e3 c5 4. Nd2 Nc6 5. c3 e6 6. Bd3 Bd6 7. Bxd6 Qxd6 8. f4 cxd4 9. cxd4 Bd7 10. a3 Ne7 11. Ngf3 Qb6 12. Qb3 Nc8 13. Qxb6 axb6 14. Ne5 Nd6 15. Ke2 Ke7 16. Rhc1 Rhc8 17. g4 Bb5 18. g5 Bxd3+ 19. Nxd3 Nfe4 20. Nxe4 Nxe4 21. Rxc8 Rxc8 1/2-1/2

[Event "BL2-Nord 1920"]
[Site "Germany"]
[Date "2019.12.07"]
[Round "5.6"]
[White "Meister, Jakob"]
[Black "Haasler, Andreas"]
[Result "1-0"]
[WhiteElo "2410"]
[BlackElo "2234"]
[PlyCount "69"]
[EventDate "2019.10.19"]
[EventType "team-tourn"]
[EventRounds "9"]
[EventCountry "GER"]
[SourceTitle "CBM 194 Extra"]
[Source "ChessBase"]
[SourceDate "2020.03.31"]
[SourceVersion "1"]
[SourceVersionDate "2020.03.31"]
[SourceQuality "1"]
[WhiteTeam "Zehlendorf"]
[BlackTeam "Potsdam Empor"]
[WhiteTeamCountry "GER"]
[BlackTeamCountry "GER"]

1. Nf3 d5 2. c4 e6 3. d4 Nf6 4. Nc3 Be7 5. Bg5 0-0 6. e3 h6 7. Bf4 Nbd7 8. Qc2 a6 9. cxd5 exd5 10. g4 c5 11. g5 hxg5 12. Bxg5 Re8 13. Rg1 Qa5 14. 0-0-0 b5 15. dxc5 Bxc5 16. Kb1 Bb7 17. Qf5 Re6 18. Bd3 Be7 19. Nd4 Re5 20. Qh3 Nf8 21. f4 Bc8 22. Qf3 Re6 23. f5 Rd6 24. Bf4 Qd8 25. Qg2 Ne8 26. Bxd6 Bxd6 27. Qxd5 Bd7 28. f6 Bxh2 29. fxg7 Nxg7 30. Rg2 b4 31. Rxh2 bxc3 32. Rdh1 c2+ 33. Bxc2 Ng6 34. Bxg6 Bf5+ 35. Nxf5 1-0

[Event "BL2-Nord 1920"]
[Site "Germany"]
[Date "2019.11.24"]
[Round "4.6"]
[White "Melamed, Tatiana"]
[Black "Haasler, Andreas"]
[Result "1-0"]
[WhiteElo "2356"]
[BlackElo "2234"]
[PlyCount "117"]
[EventDate "2019.10.19"]
[EventType "team-tourn"]
[EventRounds "9"]
[EventCountry "GER"]
[SourceTitle "CBM 194 Extra"]
[Source "ChessBase"]
[SourceDate "2020.03.31"]
[SourceVersion "1"]
[SourceVersionDate "2020.03.31"]
[SourceQuality "1"]
[WhiteTeam "Magdeburg"]
[BlackTeam "Potsdam Empor"]
[WhiteTeamCountry "GER"]
[BlackTeamCountry "GER"]

1. e4 c5 2. Nf3 e6 3. c3 a6 4. d4 d5 5. exd5 exd5 6. Be2 Bd6 7. dxc5 Bxc5 8. 0-0 Ne7 9. Nbd2 Nbc6 10. Nb3 Ba7 11. Bf4 0-0 12. Nbd4 Nf5 13. Nxc6 bxc6 14. Qa4 Qb6 15. Qb3 a5 16. Bd3 g6 17. Qxb6 Bxb6 18. Ne5 Ne7 19. Rfe1 f6 20. Nf3 Bc5 21. Nd4 Bxd4 22. Rxe7 Ra7 23. Rae1 Rxe7 24. Rxe7 Bb6 25. Bh6 Rd8 26. h4 Bg4 27. Rg7+ Kh8 28. Rb7 Bc5 29. Bg7+ Kg8 30. Bxf6 Re8 31. Kf1 Re6 32. Bg5 a4 33. Bh6 Bf5 34. Be2 Be7 35. Ra7 Bxh4 36. Rxa4 Be7 37. Ra8+ Kf7 38. Ra7 Kg8 39. Be3 Be4 40. a4 c5 41. a5 Kf8 42. a6 d4 43. cxd4 Rb6 44. dxc5 Rxb2 45. Rd7 Bc6 46. Rd1 Ra2 47. Rb1 Bd8 48. Bc4 Rc2 49. Bb5 Be4 50. Rd1 Be7 51. c6 Bxc6 52. Bxc6 Rxc6 53. Ra1 Rc8 54. a7 Ra8 55. Rb1 Bd6 56. Rb7 Kg8 57. Bd4 h5 58. Rg7+ Kf8 59. Rh7 1-0

[Event "BL2-Ost 1819"]
[Site "Germany"]
[Date "2019.02.03"]
[Round "6.7"]
[White "Hoffmann, Sebastian1111"]
[Black "Haasler, Andreas"]
[Result "1-0"]
[WhiteElo "2102"]
[BlackElo "2255"]
[PlyCount "103"]
[EventDate "2018.11.10"]
[EventType "team-tourn"]
[EventRounds "10"]
[EventCountry "GER"]
[SourceTitle "CBM 190 Extra"]
[Source "ChessBase"]
[SourceDate "2019.07.15"]
[SourceVersion "1"]
[SourceVersionDate "2019.07.15"]
[SourceQuality "1"]
[WhiteTeam "Nuernberg NT"]
[BlackTeam "Muenchen SC"]
[WhiteTeamCountry "GER"]
[BlackTeamCountry "GER"]

1. e4 e6 2. d4 d5 3. exd5 exd5 4. Nf3 Nc6 5. Nc3 Bg4 6. Bb5 Bb4 7. h3 Bh5 8. g4 Bg6 9. Ne5 Nge7 10. Qe2 0-0 11. Nxg6 Nxg6 12. Be3 Qd6 13. 0-0-0 Bxc3 14. bxc3 Qa3+ 15. Kd2 Na5 16. h4 a6 17. Bd3 Rfe8 18. Qf3 Nf8 19. Qxd5 Rad8 20. Qf5 Qxa2 21. Rb1 b5 22. h5 Re6 23. Qc5 Rc6 24. Qb4 Nc4+ 25. Ke2 Re8 26. Rb3 Ne6 27. Kf3 Nxe3 28. fxe3 Ng5+ 29. Kf4 h6 30. e4 Rf6+ 31. Ke3 Nxe4 32. Bxe4 Rfe6 33. Kd2 Rxe4 34. Rh2 Rxg4 35. Rf2 Rg1 36. Qa3 Qa1 37. Qxa1 Rxa1 38. c4 c6 39. d5 Rd8 40. Kc3 Ra4 41. Rb4 Ra5 42. dxc6 Rd6 43. c5 Rd5 44. Rd4 b4+ 45. Rxb4 Rd8 46. Kc4 Rc8 47. Rb6 Ra4+ 48. Kb3 Ra1 49. Rd2 Rb1+ 50. Ka2 Rh1 51. Rb8 Rxb8 52. c7 1-0

[Event "BL2-Ost 1819"]
[Site "Germany"]
[Date "2018.12.16"]
[Round "4.5"]
[White "Haasler, Andreas"]
[Black "De Francesco, Klaus"]
[Result "1/2-1/2"]
[WhiteElo "2255"]
[BlackElo "2259"]
[PlyCount "21"]
[EventDate "2018.11.10"]
[EventType "team-tourn"]
[EventRounds "10"]
[EventCountry "GER"]
[SourceTitle "CBM 190 Extra"]
[Source "ChessBase"]
[SourceDate "2019.07.15"]
[SourceVersion "1"]
[SourceVersionDate "2019.07.15"]
[SourceQuality "1"]
[WhiteTeam "Muenchen SC"]
[BlackTeam "Weilheim"]
[WhiteTeamCountry "GER"]
[BlackTeamCountry "GER"]

1. e4 e6 2. d4 d5 3. exd5 exd5 4. Nf3 Nf6 5. Bd3 Bd6 6. 0-0 0-0 7. Bg5 Nbd7 8. Nbd2 c6 9. c3 Qc7 10. Qc2 h6 11. Bh4 1/2-1/2

[Event "Landesliga Sued 1819"]
[Site "Bayern"]
[Date "2018.11.25"]
[Round "3.3"]
[White "Haasler, Andreas"]
[Black "Reimann, Sebastian"]
[Result "1/2-1/2"]
[WhiteElo "2241"]
[BlackElo "2170"]
[PlyCount "96"]
[EventDate "2018.10.21"]
[EventType "team-tourn"]
[EventRounds "9"]
[EventCountry "GER"]
[SourceTitle "EXT 2022"]
[Source "ChessBase"]
[SourceDate "2021.10.06"]
[SourceVersion "1"]
[SourceVersionDate "2021.10.06"]
[SourceQuality "1"]
[WhiteTeam "Muenchen SC II"]
[BlackTeam "Kriegshaber SK"]
[WhiteTeamCountry "GER"]
[BlackTeamCountry "GER"]

1. d4 Nf6 2. Nf3 e6 3. e3 b6 4. Bd3 Bb7 5. 0-0 Be7 6. c4 Ne4 7. Nbd2 f5 8. Qc2 Nxd2 9. Bxd2 Bxf3 10. gxf3 0-0 11. f4 Qe8 12. Be2 Nc6 13. Bf3 Rc8 14. Kh1 Bf6 15. b4 Ne7 16. Rab1 d6 17. Rg1 c5 18. bxc5 dxc5 19. dxc5 bxc5 20. Rb7 Ng6 21. Bc3 Bxc3 22. Qxc3 Rf7 23. Qb2 Rd8 24. Qb5 Rxb7 25. Qxb7 Qd7 26. Rd1 Qe7 27. Rxd8+ Qxd8 28. Qxa7 Qd2 29. Qa8+ Kf7 30. Kg2 Nh4+ 31. Kg3 Nxf3 32. Qxf3 Qxa2 33. Qb7+ Kf6 34. Qb5 Qa7 35. Qe8 Qf7 36. Qd8+ Qe7 37. Qxe7+ Kxe7 38. Kh4 Kf6 39. Kh5 h6 40. f3 Kf7 41. e4 Kf6 42. e5+ Kf7 43. h3 Kf8 44. Kg6 Kg8 45. h4 Kf8 46. Kh7 Kf7 47. h5 Kf8 48. Kg6 Kg8 1/2-1/2

[Event "Landesliga Sued 1819"]
[Site "Bayern"]
[Date "2018.11.11"]
[Round "2.4"]
[White "Haasler, Andreas"]
[Black "Herb, Stefan"]
[Result "1-0"]
[WhiteElo "2241"]
[BlackElo "2133"]
[PlyCount "115"]
[EventDate "2018.10.21"]
[EventType "team-tourn"]
[EventRounds "9"]
[EventCountry "GER"]
[SourceTitle "EXT 2022"]
[Source "ChessBase"]
[SourceDate "2021.10.06"]
[SourceVersion "1"]
[SourceVersionDate "2021.10.06"]
[SourceQuality "1"]
[WhiteTeam "Muenchen SC II"]
[BlackTeam "Haunstetten TSV"]
[WhiteTeamCountry "GER"]
[BlackTeamCountry "GER"]

1. e4 c6 2. d4 d5 3. exd5 cxd5 4. Bd3 Nf6 5. c3 Nc6 6. Bf4 g6 7. Nf3 Bg7 8. 0-0 0-0 9. Qb3 Nh5 10. Bg5 h6 11. Be3 Na5 12. Qc2 Qd6 13. Ne5 Qf6 14. f4 Qb6 15. Nd2 Nc6 16. Rae1 e6 17. Ndf3 Ne7 18. Bc1 Nf6 19. g4 Qc7 20. Qg2 Ne4 21. Nd2 f6 22. Nef3 f5 23. Ne5 Kh7 24. Re3 Bd7 25. Rh3 Be8 26. Ndf3 Kg8 27. Kh1 b5 28. gxf5 exf5 29. Be3 a5 30. a3 Ra6 31. a4 Rb6 32. axb5 Rff6 33. c4 dxc4 34. Bxc4+ Kf8 35. Rc1 Qb7 36. d5 Rxb5 37. Bxb5 Qxb5 38. Nd2 Qxd5 39. Nxe4 fxe4 40. Bc5 Qe6 41. Bxe7+ Kxe7 42. Rc7+ Kf8 43. Rg3 Qf5 44. Qc2 Rd6 45. Qc5 Bxe5 46. fxe5 Qf1+ 47. Rg1 Qf3+ 48. Rg2 Qf1+ 49. Rg1 Qf3+ 50. Rg2 Qf1+ 51. Qg1 Rd1 52. Rf2+ Qxf2 53. Qxd1 e3 54. Qd6+ Kg8 55. Qf6 Qe1+ 56. Kg2 Qe2+ 57. Kg3 Qe1+ 58. Kh3 1-0

[Event "Oberliga Bayern 1718"]
[Site "Bayern"]
[Date "2018.01.21"]
[Round "5.8"]
[White "Haasler, Andreas"]
[Black "Hellmayr, Alois"]
[Result "0-1"]
[WhiteElo "2200"]
[BlackElo "2238"]
[PlyCount "134"]
[EventDate "2017.10.22"]
[EventType "team-tourn"]
[EventRounds "9"]
[EventCountry "GER"]
[SourceTitle "EXT 2020"]
[Source "ChessBase"]
[SourceDate "2019.10.17"]
[SourceVersion "1"]
[SourceVersionDate "2019.10.17"]
[SourceQuality "1"]
[WhiteTeam "Muenchen 36"]
[BlackTeam "Passau"]
[WhiteTeamCountry "GER"]
[BlackTeamCountry "GER"]

1. d4 Nf6 2. Nf3 e6 3. Bf4 b6 4. e3 Bb7 5. Bd3 Be7 6. h3 d5 7. Nbd2 0-0 8. 0-0 Nbd7 9. c3 Ne4 10. Qc2 f5 11. Ne5 Bd6 12. Nxd7 Qxd7 13. Nf3 Qe7 14. Ne5 g5 15. Bh2 Nf6 16. Qe2 Kh8 17. a4 a5 18. Kh1 c5 19. Bb5 Rg8 20. g4 Raf8 21. f3 Rg7 22. Rf2 c4 23. Rg1 Rfg8 24. Qc2 Bc8 25. b3 cxb3 26. Qxb3 h5 27. Bd3 Bc7 28. Nc6 Qd7 29. Bxc7 Qxc7 30. Ne5 Nd7 31. Nxd7 Bxd7 32. gxf5 exf5 33. Qxd5 Qxc3 34. Bxf5 Bxf5 35. Qxf5 Qxe3 36. Qc2 Qxd4 37. Qb2 Rd8 38. Qxd4 Rxd4 39. Rb2 Rg6 40. Rgb1 Rxa4 41. Rxb6 Rxb6 42. Rxb6 Kg7 43. Kg2 Ra1 44. Ra6 h4 45. f4 gxf4 46. Kf3 Ra4 47. Ra8 Kf7 48. Rh8 Ra3+ 49. Kxf4 Rxh3 50. Kg4 Ra3 51. Kxh4 Ke6 52. Kg4 Ke5 53. Ra8 a4 54. Ra7 Kd5 55. Kf4 Kc5 56. Ra8 Kb5 57. Rb8+ Kc4 58. Rc8+ Kd3 59. Ra8 Kc2 60. Ke5 Kb2 61. Kd5 Rd3+ 62. Kc4 Rc3+ 63. Kd4 a3 64. Ra7 Rb3 65. Kc4 a2 66. Ra8 Rc3+ 67. Kb4 Rc1 0-1

[Event "Erfurt MT op 27th"]
[Site "Erfurt"]
[Date "2017.12.27"]
[Round "2"]
[White "Meyer, Juergen"]
[Black "Haasler, Andreas"]
[Result "0-1"]
[WhiteElo "1930"]
[BlackElo "2211"]
[PlyCount "74"]
[EventDate "2017.12.26"]
[EventType "swiss"]
[EventRounds "8"]
[EventCountry "GER"]
[SourceTitle "CBM 182 Extra"]
[Source "ChessBase"]
[SourceDate "2018.02.23"]
[SourceVersion "1"]
[SourceVersionDate "2018.02.23"]
[SourceQuality "1"]

1. e4 c5 2. Nf3 a6 3. c4 e6 4. d4 cxd4 5. Nxd4 Qc7 6. Nc3 Nf6 7. a3 b6 8. Bd3 Bb7 9. 0-0 d6 10. Qe2 Nbd7 11. f4 Rc8 12. f5 e5 13. Nb3 Be7 14. Be3 Qb8 15. Rac1 Bd8 16. g4 h6 17. Nd2 h5 18. gxh5 Rxh5 19. b4 Ke7 20. Nd5+ Kf8 21. Nb1 Rh4 22. Nbc3 Bxd5 23. cxd5 b5 24. Na2 Ng4 25. Rxc8 Qxc8 26. Rc1 Qb7 27. Kf1 Nxh2+ 28. Kg2 Ng4 29. Rh1 Nxe3+ 30. Qxe3 Rg4+ 31. Kf1 Bg5 32. Rh8+ Ke7 33. Qh3 Nf6 34. Nc3 Rf4+ 35. Ke1 Qa7 36. Ne2 Qf2+ 37. Kd1 Rf3 0-1

[Event "GER Cup 1617 final"]
[Site "Niederhausen"]
[Date "2017.06.17"]
[Round "5.7"]
[White "Haasler, Andreas"]
[Black "Goergens, Michael"]
[Result "0-1"]
[WhiteElo "2220"]
[BlackElo "2028"]
[PlyCount "102"]
[EventDate "2017.06.15"]
[EventType "swiss"]
[EventRounds "5"]
[EventCountry "GER"]
[SourceTitle "EXT 2019"]
[Source "ChessBase"]
[SourceDate "2018.10.10"]
[SourceVersion "1"]
[SourceVersionDate "2018.10.10"]
[SourceQuality "1"]

1. d4 Nf6 2. Nf3 g6 3. b3 Bg7 4. g3 b5 5. Bg2 Bb7 6. Bb2 a5 7. c4 b4 8. Nbd2 0-0 9. 0-0 d6 10. h3 Nbd7 11. a3 Re8 12. axb4 axb4 13. d5 e6 14. dxe6 fxe6 15. Rxa8 Qxa8 16. Qc2 c5 17. Ra1 Qd8 18. Qd3 Qb6 19. h4 Nf8 20. Nf1 Be4 21. Qd1 d5 22. N1d2 Bf5 23. Ra2 d4 24. Qa1 e5 25. Ra6 Qd8 26. Ng5 e4 27. Nf1 h6 28. Nh3 Nh5 29. e3 Ne6 30. Ra7 g5 31. hxg5 hxg5 32. Qd1 g4 33. Nf4 Nhxf4 34. exf4 Re7 35. Ra2 Qe8 36. Qa1 Qf7 37. Ra8+ Kh7 38. Qe1 Nf8 39. Rd8 Nd7 40. Ba1 Nb6 41. Nh2 Qe6 42. Nf1 Ra7 43. Bb2 Nd7 44. Nd2 e3 45. fxe3 Qxe3+ 46. Qf2 Ra2 47. Bc1 Ra1 48. Rxd7 Rxc1+ 49. Kh2 Qxf2 50. Nf1 Rxf1 51. Rxg7+ Kh6 0-1

[Event "GER-chT Betriebe 16th"]
[Site "Dresden"]
[Date "2016.11.05"]
[Round "4.1"]
[White "Kleeschaetzky, Rainer"]
[Black "Haasler, Andreas"]
[Result "1-0"]
[WhiteElo "2321"]
[BlackElo "2202"]
[PlyCount "59"]
[EventDate "2016.11.03"]
[EventType "team-swiss"]
[EventRounds "7"]
[EventCountry "GER"]
[SourceTitle "EXT 2020"]
[Source "ChessBase"]
[SourceDate "2019.10.17"]
[SourceVersion "1"]
[SourceVersionDate "2019.10.17"]
[SourceQuality "1"]
[WhiteTeam "Berlin Deutsche Bahn/BSW"]
[BlackTeam "Frankfurt/M Deutsche Bahn/BSW"]
[WhiteTeamCountry "GER"]
[BlackTeamCountry "GER"]

1. e4 e6 2. d4 d5 3. e5 c5 4. c3 Qb6 5. Nf3 Bd7 6. a3 a5 7. b3 cxd4 8. cxd4 Ne7 9. Bb2 Bb5 10. Bxb5+ Qxb5 11. Nc3 Qa6 12. Ne2 Nf5 13. g4 Nh6 14. h3 f6 15. Rc1 Nf7 16. 0-0 Nd7 17. Nf4 fxe5 18. dxe5 Bc5 19. Nxd5 exd5 20. Qxd5 Qe2 21. e6 0-0 22. exd7 b6 23. Bc3 Rad8 24. b4 Bd6 25. Rce1 Qc2 26. Qd4 Qg6 27. Re6 Ne5 28. Rxe5 Rxf3 29. Qd5+ Kh8 30. Qxf3 1-0